<?xml version="1.0" encoding="UTF-8"?>
<record
    xmlns:xsi="http://www.w3.org/2001/XMLSchema-instance"
    xsi:schemaLocation="http://www.loc.gov/MARC21/slim http://www.loc.gov/standards/marcxml/schema/MARC21slim.xsd"
    xmlns="http://www.loc.gov/MARC21/slim">

  <leader>00494nac a22001451u 4500</leader>
  <controlfield tag="008">080915s1995    xxu||||| |||| 00| 0 ara d</controlfield>
  <datafield tag="020" ind1=" " ind2=" ">
    <subfield code="a">9770901822</subfield>
  </datafield>
  <datafield tag="082" ind1=" " ind2=" ">
    <subfield code="a">320.956</subfield>
    <subfield code="b">&#x641; &#x642; &#x649;</subfield>
  </datafield>
  <datafield tag="245" ind1=" " ind2=" ">
    <subfield code="a">&#x62A;&#x62C;&#x62F;&#x64A;&#x62F; &#x627;&#x644;&#x641;&#x643;&#x631; &#x627;&#x644;&#x642;&#x648;&#x645;&#x64A; /</subfield>
    <subfield code="c">&#x645;&#x635;&#x637;&#x641;&#x64A; &#x627;&#x644;&#x641;&#x642;&#x649;</subfield>
  </datafield>
  <datafield tag="250" ind1=" " ind2=" ">
    <subfield code="a">&#x637; 2 </subfield>
  </datafield>
  <datafield tag="260" ind1=" " ind2=" ">
    <subfield code="a">&#x627;&#x644;&#x642;&#x627;&#x647;&#x631;&#x629; :</subfield>
    <subfield code="b">&#x62F;&#x627;&#x631; &#x627;&#x644;&#x634;&#x631;&#x648;&#x642; &#x60C;1995</subfield>
    <subfield code="c">1995.</subfield>
  </datafield>
  <datafield tag="300" ind1=" " ind2=" ">
    <subfield code="a">127 &#x635; &#x61B;</subfield>
    <subfield code="b">25 &#x633;&#x645;.</subfield>
  </datafield>
  <datafield tag="651" ind1=" " ind2=" ">
    <subfield code="9">13700</subfield>
    <subfield code="a">&#x627;&#x644;&#x639;&#x627;&#x644;&#x645; &#x627;&#x644;&#x639;&#x631;&#x628;&#x64A;</subfield>
    <subfield code="x">&#x627;&#x644;&#x623;&#x62D;&#x648;&#x627;&#x644; &#x627;&#x644;&#x633;&#x64A;&#x627;&#x633;&#x64A;&#x629;</subfield>
  </datafield>
  <datafield tag="942" ind1=" " ind2=" ">
    <subfield code="c">BB</subfield>
    <subfield code="k">320.956 &#x641; &#x642; &#x649; </subfield>
    <subfield code="2">ddc</subfield>
  </datafield>
  <datafield tag="999" ind1=" " ind2=" ">
    <subfield code="c">3760</subfield>
    <subfield code="d">3760</subfield>
  </datafield>
  <datafield tag="952" ind1=" " ind2=" ">
    <subfield code="0">0</subfield>
    <subfield code="1">0</subfield>
    <subfield code="2">ddc</subfield>
    <subfield code="4">0</subfield>
    <subfield code="7">0</subfield>
    <subfield code="8"> </subfield>
    <subfield code="a">MAIN</subfield>
    <subfield code="b">MAIN</subfield>
    <subfield code="c">1ST</subfield>
    <subfield code="d">2015-05-07</subfield>
    <subfield code="e">purchase</subfield>
    <subfield code="g">10.00</subfield>
    <subfield code="o">320.956 &#x641; &#x642; &#x649;</subfield>
    <subfield code="p">000030072</subfield>
    <subfield code="r">2025-07-15 00:00:00</subfield>
    <subfield code="v">12.50</subfield>
    <subfield code="y">BB</subfield>
  </datafield>
</record>
